000 00671nam a22002417a 4500
999 _c358183
_d358183
003 IT-MiCISF
005 20190329152215.0
008 190329b ||||| |||| 00| 0 eng d
040 _aIT-MiCISF
_cIT-MiCISF
041 _ait
100 _aMacario Giorgio
_957711
210 _aMinori giustizia
222 _a11212845
245 _aAdozioni internazionali e valorizzazione delle reti istituzionali, professionali e naturali
260 _c2016
300 _app. 204-213
310 _atrimestrale
362 _an. 4
500 _aadozione-internazionale, operatori, formazione
650 _aadozione-affido
_956263
654 _aarticolo
942 _2ddc
_cCR